Uplatňovanie vybraných ekologických daní v daňových sústavách štátov EÚ

Environmentálna politika a ochrana životného prostredia. Ekologické dane v rámci Európskej únie. Výnos z energetických daní v Litve, Luxembursku a v Českej republike. Dopravné dane. Zavedenie dane z hluku. Znižovanie spotreby plastových tašiek. Dane z oxidu uhličitého. Výnos dane z oxidu uhličitého...

ver descrição completa

Na minha lista:
Detalhes bibliográficos
Autor principal: Válek, Juraj, 1981-
Formato: Capítulo de Livro
Idioma:eslovaco
Assuntos:
Tags: Adicionar Tag
Sem tags, seja o primeiro a adicionar uma tag!

MARC

LEADER 00000nla a2200000 4500
001 0213520
005 20240502073548.5
041 0 |a slo 
044 |a SK 
245 1 0 |a Uplatňovanie vybraných ekologických daní v daňových sústavách štátov EÚ  |c Juraj Válek 
520 |a Environmentálna politika a ochrana životného prostredia. Ekologické dane v rámci Európskej únie. Výnos z energetických daní v Litve, Luxembursku a v Českej republike. Dopravné dane. Zavedenie dane z hluku. Znižovanie spotreby plastových tašiek. Dane z oxidu uhličitého. Výnos dane z oxidu uhličitého v rokoch 2010-2012 vo vybraných krajinách EÚ. 
610 2 0 |a dane ekologické 
610 2 0 |a politika environmentálna 
610 2 0 |a ochrana prostredia životného 
610 2 0 |a odpad 
610 2 0 |a plasty 
610 2 0 |a doprava 
610 2 0 |a emisie 
610 2 0 |a Európska únia 
100 1 |a Válek, Juraj, 1981-